Kader der deutschen U21 bei der EM 2021 - Statistiken

Allgemein
  • Dieses Quiz wurde 33 mal gespielt
  • Das Durchschnittsergebnis liegt bei 11 aus 28
Antwortstatistiken
Position Einsätze Damaliger Verein Spieler % Korrekt
Sturm 3 RB Salzburg Karim Adeyemi
81%
Torwart 6 1. FSV Mainz 05 Finn Dahmen
78%
Mittelfeld 3 Bayer 04 Leverkusen Florian Wirtz
67%
Sturm 6 1. FSV Mainz 05 Jonathan Burkardt
59%
Mittelfeld 5 KAA Gent Niklas Dorsch
59%
Mittelfeld 4 FC Brentford Vitaly Janelt
59%
Abwehr 6 DSC Arminia Bielefeld Amos Pieper
56%
Abwehr 6 SpVgg Greuther Fürth David Raum
52%
Abwehr 6 VfL Wolfsburg Ridle Baku
48%
Sturm 0 Borussia Dortmund Youssoufa Moukoko
48%
Torwart 0 Bayer 04 Leverkusen Lennart Grill
44%
Sturm 6 RSC Anderlecht Lukas Nmecha
44%
Sturm 6 RB Salzburg Mergim Berisha
44%
Abwehr 1 SV Darmstadt 98 Lars Lukas Mai
41%
Abwehr 4 Hamburger SV Josha Vagnoman
37%
Mittelfeld 6 DSC Arminia Bielefeld Arne Maier
33%
Sturm 1 Erzgebirge Aue Florian Krüger
30%
Mittelfeld 0 Fortuna Düsseldorf Shinta Appelkamp
30%
Mittelfeld 5 SpVgg Greuther Fürth Anton Stach
26%
Mittelfeld 4 1. FC Köln Salih Özcan
22%
Abwehr 6 1. FC Union Berlin Nico Schlotterbeck
19%
Abwehr 0 Hamburger SV Stephan Ambrosius
19%
Abwehr 0 FC Schalke 04 Malick Thiaw
15%
Mittelfeld 4 VfB Stuttgart Mateo Klimowicz
15%
Abwehr 1 SpVgg Greuther Fürth Paul Jaeckel
15%
Torwart 0 Eintracht Frankfurt Markus Schubert
7%
Abwehr 0 VfL Bochum Maxim Leitsch
7%
Abwehr 5 1. FC Köln Ismail Jakobs
4%
Keine übereinstimmenden Quizze gefunden
Verteilung der Resultate
Anzahl Personen mit jedem Resultat
Perzentil nach korrekt beantworteten Fragen
Ihre Resultats-Entwicklung
Sie haben dieses Quiz noch nicht gespielt